000 00283cam a2200121ua 4500
003 OSt
008 210805b ||||| |||| 00| 0 eng d
082 _a894.8124
_bCAL/GA
245 _aGadyamanjari /
260 _a :
_bUniversity of Calicut ,
_c1971.
300 _a165 ; .
942 _cBK
999 _c1288
_d1288